The economics of pensions : (Record no. 16390)
[ view plain ]
| 000 -LEADER | |
|---|---|
| fixed length control field | 01269cam a2200277 a 4500 |
| 001 - CONTROL NUMBER | |
| control field | 2104778 |
| 005 - DATE AND TIME OF LATEST TRANSACTION | |
| control field | 20030819192920.0 |
| 008 - FIXED-LENGTH DATA ELEMENTS--GENERAL INFORMATION | |
| fixed length control field | 960126s1997 enk |rb 001 0 eng |
| 010 ## - LIBRARY OF CONGRESS CONTROL NUMBER | |
| LC control number | 96003299 |
| 020 ## - INTERNATIONAL STANDARD BOOK NUMBER | |
| International Standard Book Number | 0521552303 |
| 040 ## - CATALOGING SOURCE | |
| Original cataloging agency | DLC |
| Transcribing agency | DLC |
| Modifying agency | DLC |
| 082 00 - DEWEY DECIMAL CLASSIFICATION NUMBER | |
| Classification number | 331.252 |
| Edition number | 20 |
| Item number | ECO |
| 245 04 - TITLE STATEMENT | |
| Title | The economics of pensions : |
| Remainder of title | principles, policies, and international experience / |
| Statement of responsibility, etc | edited by Salvador Valdes-Prieto. |
| 260 ## - PUBLICATION, DISTRIBUTION, ETC. (IMPRINT) | |
| Place of publication, distribution, etc | Cambridge, United Kingdom ; |
| -- | New York : |
| Name of publisher, distributor, etc | Cambridge University Press, |
| Date of publication, distribution, etc | 1997. |
| 300 ## - PHYSICAL DESCRIPTION | |
| Extent | xii, 377 p. ; |
| Dimensions | 24 cm. |
| 504 ## - BIBLIOGRAPHY, ETC. NOTE | |
| Bibliography, etc | Includes bibliographical references and index. |
| 650 #0 - SUBJECT ADDED ENTRY--TOPICAL TERM | |
| Topical term or geographic name as entry element | Old age pensions. |
| 9 (RLIN) | 28629 |
| 653 ## - INDEX TERM--UNCONTROLLED | |
| Resource For college | |
| Arrived date list | February2012 |
| 700 2# - ADDED ENTRY--PERSONAL NAME | |
| Personal name | Valdes Prieto, Salvador. |
| 9 (RLIN) | 28630 |
| 856 41 - ELECTRONIC LOCATION AND ACCESS | |
| Materials specified | Sample text |
| Uniform Resource Identifier | <a href="http://www.loc.gov/catdir/samples/cam034/96003299.html">http://www.loc.gov/catdir/samples/cam034/96003299.html</a> |
| 856 42 - ELECTRONIC LOCATION AND ACCESS | |
| Materials specified | Publisher description |
| Uniform Resource Identifier | <a href="http://www.loc.gov/catdir/description/cam027/96003299.html">http://www.loc.gov/catdir/description/cam027/96003299.html</a> |
| 856 41 - ELECTRONIC LOCATION AND ACCESS | |
| Materials specified | Table of contents |
| Uniform Resource Identifier | <a href="http://www.loc.gov/catdir/toc/cam026/96003299.html">http://www.loc.gov/catdir/toc/cam026/96003299.html</a> |
| 942 ## - ADDED ENTRY ELEMENTS (KOHA) | |
| Source of classification or shelving scheme | Dewey Decimal Classification |
| Item type | Book - Borrowing |
| Withdrawn status | Item status | Source of classification or shelving scheme | Damaged status | Not for loan | Vendor | Home library | Current library | Shelving location | Date acquired | Source of acquisition | Cost, normal purchase price | Serial Enumeration / chronology | Total Checkouts | Full call number | Barcode | Date last seen | Koha item type |
|---|---|---|---|---|---|---|---|---|---|---|---|---|---|---|---|---|---|
| Dewey Decimal Classification | Central Library | Central Library | First floor | 05/02/2012 | 110.00 | 1 | 331.252 ECO | 000025992 | 15/07/2025 | Book - Borrowing |